The great adventure at Yellowstone
Сохранить в:
| Главный автор: | |
|---|---|
| Формат: | |
| Язык: | английский |
| Опубликовано: |
Novara
Black Cat
2014
|
| Редактирование: | 1a. ed |
| Предметы: | |
| Метки: |
Добавить метку
Нет меток, Требуется 1-ая метка записи!
|
MARC
| LEADER | 00000cam a2200000 a 4500 | ||
|---|---|---|---|
| 001 | UCD6535 | ||
| 003 | CL-VaPUC | ||
| 008 | 161216e20140000it |||||||||||||||||eng|d | ||
| 020 | |a 9788468226200 | ||
| 082 | 0 | 4 | |a 978.752 |b CLE |2 21 |
| 100 | 0 | |a Clemen, Gina D. B |e author |9 590386 | |
| 245 | 1 | 4 | |a The great adventure at Yellowstone |
| 250 | |a 1a. ed | ||
| 300 | |a 79 p | ||
| 942 | |c BK | ||
| 945 | |d 20161216 10:21:00 |a dcastane | ||
| 260 | |a Novara |b Black Cat |c 2014 | ||
| 650 | 7 | |a PARQUES NACIONALES |2 CL-VaPUC |9 332012 | |
| 650 | 7 | |a PARQUES NATURALES |2 CL-VaPUC |9 590387 | |
| 650 | 7 | |a RESERVAS NATURALES |2 CL-VaPUC |9 350715 | |
| 583 | |a last modification |c 20161216 10:21:00 |k Rodrigo Vera | ||
| 999 | |c 366833 |d 366831 | ||